Ψηφιακά Μέσα / Ο Πολιτισμός του Ήχου και του Θεάματος (Record no. 2965)
[ view plain ]
| 000 -LEADER | |
|---|---|
| fixed length control field | 01302cam a22002294a 4500 |
| 005 - ΗΜΕΡΟΜΗΝΙΑ ΚΑΙ ΩΡΑ ΤΕΛΕΥΤΑΙΑΣ ΕΝΗΜΕΡΩΣΗΣ | |
| Πεδίο ελέγχου | 20250605164059.0 |
| 008 - FIXED-LENGTH DATA ELEMENTS--GENERAL INFORMATION | |
| Πεδίο ελέγχου σταθερού μήκους | 250528s ||||||||||||||||||||||||d |
| 035 ## - SYSTEM CONTROL NUMBER | |
| System control number | 17561 |
| 020 ## - ISBN | |
| ISBN | 9789602186930 |
| 040 ## - ΠΗΓΗ ΚΑΤΑΛΟΓΟΓΡΑΦΗΣΗΣ | |
| Φορέας πρωτότυπης καταλογογράφησης | MC Athens Campus Library |
| Γλώσσα καταλογογράφησης | Ελληνικά, Μοντέρνα (1453-) |
| Modifying agency | MC Athens Campus Library |
| Κανόνες περιγραφικής καταλογογράφησης | AACR2 |
| 245 1# - ΤΙΤΛΟΣ ΚΑΙ ΔΗΛΩΣΗ ΥΠΕΥΘΥΝΟΤΗΤΑΣ | |
| Τίτλος | Ψηφιακά Μέσα / Ο Πολιτισμός του Ήχου και του Θεάματος |
| 250 ## - EDITION STATEMENT | |
| Edition statement | 1η |
| 260 ## - PUBLICATION, DISTRIBUTION, ETC. | |
| Name of publisher, distributor, etc. | Κριτική, |
| Date of publication, distribution, etc. | 2010 |
| 300 ## - PHYSICAL DESCRIPTION | |
| Extent | 470 |
| 520 ## - SUMMARY, ETC. | |
| Summary, etc. | Σήμερα, όλα όσα γνωρίζαμε από την εποχή των μαζικών μέσων και της μαζικής κουλτούρας είτε δεν επαρκούν είτε δεν ισχύουν. Το έργο της μελέτης και της θεωρίας των μέσων επικοινωνίας αρχίζει εκ νέου. Πρόλογος, Κινηματογράφος, Τηλεόραση, Ήχος-Μουσική, Ψηφιακή Κουλτούρα, Βιογραφικά των Συγγραφέων, Ευρετήριο Ορολογίας, Ευρετήριο Ονομάτων. |
| 700 1# - ΠΡΟΣΘΕΤΗ ΑΝΑΓΡΑΦΗ--ΦΥΣΙΚΟ ΠΡΟΣΩΠΟ | |
| Personal name | Κοκκώνης Μιχάλης |
| 9 (RLIN) | 3713 |
| 700 1# - ΠΡΟΣΘΕΤΗ ΑΝΑΓΡΑΦΗ--ΦΥΣΙΚΟ ΠΡΟΣΩΠΟ | |
| Personal name | Μπαντιμαρούδης Φιλημων |
| 9 (RLIN) | 3714 |
| 700 1# - ΠΡΟΣΘΕΤΗ ΑΝΑΓΡΑΦΗ--ΦΥΣΙΚΟ ΠΡΟΣΩΠΟ | |
| Personal name | Πασχαλίδης Γρηγόρης |
| 9 (RLIN) | 3715 |
| 942 ## - ADDED ENTRY ELEMENTS (KOHA) | |
| Koha item type | Books |
| Τύπος τεκμηρίου | Βιβλιοθήκη | Τρέχουσα τοποθεσία | Barcode | Αριθμός εισαγωγής | Ημερομηνία απόκτησης | Ταξιθετικό σύμβολο | Αριθμός αντιτύπου | Κατάσταση απόσυρσης | Κατάσταση χαμένου | Κατάσταση κατεστραμμένου | Μη δανεισμός | Σύνολο δανεισμών | Ημερομηνία τελευταίας εμφάνισης | Η τιμή ισχύει από |
|---|---|---|---|---|---|---|---|---|---|---|---|---|---|---|
| Books | MC Athens Campus Library | MC Athens Campus Library | 9780000029645 | 5773 | 05/06/2025 | 006.7 ΚΟΚ | 1 | 05/06/2025 | 05/06/2025 |